| 000 | 00856cam a2200265 i 4500 | ||
|---|---|---|---|
| 999 |
_c6507 _d6507 |
||
| 001 | 1304584 | ||
| 003 | GZU | ||
| 005 | 20210426104817.0 | ||
| 008 | 771215s1978 enka b 001 0 eng | ||
| 010 | _a 77027084 | ||
| 020 | _a0470262885 | ||
| 040 |
_aDLC _cDLC _dDLC |
||
| 050 | 0 | 0 |
_aQK871. _bBAK 1978 |
| 100 | 1 |
_aBaker, D. A. _eauthor |
|
| 245 | 1 | 0 |
_aTransport phenomena in plants / _cD. A. Baker. |
| 260 |
_aLondon : _bChapman and Hall ; _aNew York : _bWiley : distributed in the U.S.A. by Halsted Press, _cc1978. |
||
| 300 |
_a80 p. : _bill. ; _c22 cm. |
||
| 490 | 1 | _aOutline studies in biology | |
| 500 | _aIncludes index. | ||
| 504 | _aBibliography: p. 73-76. | ||
| 650 | 0 | _aPlant translocation. | |
| 830 | 0 | _aOutline studies in biology (Chapman and Hall) | |
| 906 |
_a7 _bcbc _corignew _d1 _eocip _f19 _gy-gencatlg |
||
| 942 |
_2lcc _cBK _h871 _iBAK _kQK |
||